000 00303nam a22001337a 4500
008 170714b xxu||||| |||| 00| 0 eng d
020 _a9780816019151
041 _aeng
080 _a038
100 _a24
101 _aFJA
245 _aDICTIONARY OF 20TH CENTURY ALLUSIONS
_cCOLE, S
942 _2udc
_cBK
999 _c20980
_d20980